LDR 00501naa#a2200157#i#450# 001 EN\\bibl\126743 005 20260701075057.3 011 ## _a2542-1840 100 ## _a20260630b2026####ek#y0engy0150####ca 102 ## _aRU 200 1# _aState Territorial Policy in Modern Russia: Selected Constitutional and Legal Issues _eJournal article 210 1# _aKemerovo _cKemerovo State University _d2026 215 ## _a17 с. 608 ## _aJournal article _2local 700 #1 _aShindina _gAnna Vladimirovna 856 4# _avestnik-pses.kemsu.ru _u